000 01750nam a2200289Ia 4500
999 _c54738
_d54738
001 21805
003 GE_BSU
005 20220516173259.0
008 181216s2017||||ge |||||||||||||| ||geo||
020 _a9789941470813
040 _cGE_BSU
041 _ageo
080 _a81'374.822=133.1=353.1+81'374.822=353.1=133.1 ფ-87
245 _aფრანგულ-ქართული და ქართულ-ფრანგული თავდაცვისა და უსაფრთხოების ლექსიკონი /
_cშემდგ. : ო. ბეგოიძე და თეა ქარჩავა.
264 _aთბილისი :
_bინტელექტი,
_c2017.
300 _a296 გვ. ;
_c20 სმ.
500 _aწიგნი გამოიცა საქართველოს ფრანგული ინსტიტუტის ხელშეწყობით
541 _h5 ლ.
546 _aპარალელური სათაური ფრანგულ ენაზე
653 _aფრანგულ-ქართული და ქართულ-ფრანგული თავდაცვისა და უსაფრთხოების ლექსიკონი
653 _aფრანგულ-ქართული ლექსიკონი
653 _aქართულ-ფრანგული ლექსიკონი
653 _aთავდაცვისა და უსაფრთხოების ლექსიკონი
700 _aბეგოიძე, ო.
_eშემდგენელი
_913748
700 _aქარჩავა, თეა
_eშემდგენელი
_913749
942 _cBK
_2udc